<?xml version="1.0" encoding="UTF-8"?>
<collection xmlns="http://www.loc.gov/MARC21/slim">
 <record>
  <leader>     na                 </leader>
  <controlfield tag="001">INLIS000000000022645</controlfield>
  <controlfield tag="005">20250807014536</controlfield>
  <datafield tag="035" ind1=" " ind2=" ">
   <subfield code="a">0010-0725000038</subfield>
  </datafield>
  <controlfield tag="008">250807                g          0 ind  </controlfield>
  <datafield tag="245" ind1="1" ind2=" ">
   <subfield code="a">Trafiking Perempuan Dan Anak :</subfield>
   <subfield code="b">Penanggulangan Komprehensip Studi Kasus Sulawesi Utara</subfield>
  </datafield>
  <datafield tag="100" ind1="1" ind2=" ">
   <subfield code="a">Lapian, L.M Gandhi Lapian</subfield>
   <subfield code="e">Pengarang</subfield>
  </datafield>
  <datafield tag="260" ind1=" " ind2=" ">
   <subfield code="a">Jakarta :</subfield>
   <subfield code="b">Yayasan Obor Indonesia,</subfield>
   <subfield code="c">2010</subfield>
  </datafield>
  <datafield tag="300" ind1=" " ind2=" ">
   <subfield code="a">ix + 274 halaman ;</subfield>
   <subfield code="c">21 cm</subfield>
  </datafield>
  <datafield tag="020" ind1=" " ind2=" ">
   <subfield code="a">979-461-607-9</subfield>
  </datafield>
  <datafield tag="084" ind1=" " ind2=" ">
   <subfield code="a">305.495 986 1 LAP t</subfield>
  </datafield>
  <datafield tag="520" ind1=" " ind2=" ">
   <subfield code="a">Trafiking Perempuan dan Anak Langkah tindakan penanggulangan secara struktural atau komprehensif trafiking manusia khususnya perempuan dan anak memerlukan pemberdayaan masyarakat, yang harus terpusat pada (calon) korban trafiking. langkah tindak dalam rangka pencegahan, penanganan, dan pemuliha (calon) korban trfikinf meliputi: 1. Pemberdayaan (calon korban trafiking: 2. Pemberdayaan keluarga 3. Pemberdayaan komunitas dan desa 4. Pemberdayaan sistem hukum 5. Penanggulangan secara trans-daerah (lintas daerah) di Indonesia 6. Penanggulangan secara trans-nasional (lintas negara). Buku ini merupakan kumpulan beberapa tulisan antara lain sebuah time-line kegiatan convention UI di Sulawesi Utara dalam kiprahnya membela hak-hak perempuan korban trafiking. Disusul dengan dua tulisan tentang aspek hukum dan aspek agama Kristen kejahatan trafiking. Bab berikutnya adalah tulisan parakar psikologi, Ketua Kelompok Kerja Convention Watch. Kemudian dilanjutkan bab-bab yang ditulis kedua penlis, dipresentasikan dalam Rapat Kerja Kerapatan Gereja Protestan Minahasa tahun 2006 saat dibagikan lembar kertas metaplan untuk menggali pendapat peserta dalam upaya penanggulangan trafiking di Sulawesi Utara. Pada bagian akhir disajikan kajian penanggulangan trafiking di Sulut yang diawali dengan kerangka acuan, trafiking pada masa lalu, kin dan strategi penanggulangan ke depan (wawncara mendalam dengan pemuka masyarakat), kajian kasus-kasus serta peranan berbagai pihak dalam penanggulangannya, serta hasil metaplan pendapat tokoh agama KGPM dalam menyikapi trafiking di Sulut.</subfield>
  </datafield>
  <datafield tag="082" ind1=" " ind2=" ">
   <subfield code="a">305.495 986 1</subfield>
  </datafield>
  <datafield tag="650" ind1=" " ind2="4">
   <subfield code="a">Trafiking Perempuan</subfield>
  </datafield>
  <datafield tag="863" ind1=" " ind2=" ">
   <subfield code="a">2</subfield>
  </datafield>
  <datafield tag="250" ind1=" " ind2=" ">
   <subfield code="a">Cetakan 2</subfield>
  </datafield>
  <datafield tag="502" ind1=" " ind2=" ">
   <subfield code="a">269-274 halaman</subfield>
  </datafield>
  <datafield tag="505" ind1=" " ind2=" ">
   <subfield code="a">1. Convention watch UI&#13;
2. Aspek hukum penghapusan trafiking khususnya wanita dan anak&#13;
3. Aspek agama kristen kejahatan trafiking&#13;
4. Pandangan islam terhadap penjualan anak perempuan dan hak anak&#13;
5. Viktimasasi perempuan&#13;
6. Pemberdayaan komunitas lokal melawan trafiking perempuan dan anak</subfield>
  </datafield>
  <datafield tag="264" ind1=" " ind2=" ">
   <subfield code="a">Jakarta :</subfield>
   <subfield code="b">Yayasan Obor Indonesia,</subfield>
   <subfield code="c">2010</subfield>
  </datafield>
  <datafield tag="264" ind1=" " ind2=" ">
   <subfield code="a">Jakarta :</subfield>
   <subfield code="b">,</subfield>
   <subfield code="c">2010</subfield>
  </datafield>
  <datafield tag="336" ind1=" " ind2=" ">
   <subfield code="2">rdacontent</subfield>
   <subfield code="a">Teks</subfield>
  </datafield>
  <datafield tag="337" ind1=" " ind2=" ">
   <subfield code="2">rdamedia</subfield>
   <subfield code="a">Tanpa Perantara</subfield>
  </datafield>
  <datafield tag="338" ind1=" " ind2=" ">
   <subfield code="2">rdacarrier</subfield>
   <subfield code="a">Lembar</subfield>
  </datafield>
  <datafield tag="651" ind1=" " ind2="4">
   <subfield code="a">Sulawesi Utara</subfield>
  </datafield>
  <datafield tag="990" ind1=" " ind2=" ">
   <subfield code="a">048577</subfield>
  </datafield>
  <datafield tag="990" ind1=" " ind2=" ">
   <subfield code="a">048578</subfield>
  </datafield>
  <datafield tag="990" ind1=" " ind2=" ">
   <subfield code="a">048579</subfield>
  </datafield>
  <datafield tag="990" ind1=" " ind2=" ">
   <subfield code="a">048581</subfield>
  </datafield>
 </record>
</collection>
